[Event "Hoogovens"]
[Site "Wijk aan Zee 52"]
[Date "1990.??.??"]
[Round "7"]
[White "Anand, Viswanathan"]
[Black "Portisch, Lajos"]
[Result "0-1"]
[WhiteElo "2555"]
[BlackElo "2605"]
[Annotator "JvR"]
[PlyCount "66"]
[EventDate "1990.??.??"]
[EventCountry "NED"]

1. d4 Nf6 2. c4 e6 3. Nc3 d5 4. Nf3 Be7 5. g3 O-O 6. Bg2 dxc4 7. O-O Nbd7 8. e4
c6 9. a4 a5 10. Qe2 b6 11. Rd1 Ba6 12. Bh3 $5 ({Known is} 12. Bf4 {(Rudakovsky
- Dubinin, Moscow 1940).}) 12... Re8 13. g4 $2 {Anand plays an anti-positional
move.} Nf8 14. Ne5 Qc7 15. f4 b5 16. g5 N6d7 17. Nxd7 Nxd7 18. e5 $6 Rad8 $6 (
18... b4 $1 19. Ne4 c5 {increases the black advantage.}) 19. f5 exf5 20. axb5
Bb7 21. Bxf5 $2 (21. bxc6 Qxc6 22. Bg2 Qxg2+ 23. Qxg2 Bxg2 24. Kxg2 {only
leads to a black plus.}) 21... cxb5 22. e6 Nf8 $1 {Portisch defends skilfully.}
23. exf7+ Kxf7 24. Be4 (24. Rf1 $1 Kg8 25. Be6+ Kh8 $1 26. Rf7 b4 {also
favours Black.}) 24... Bxe4 25. Qxe4 Kg8 26. Qg2 Bb4 27. Qg3 ({Or} 27. Nxb5 Qb6
) 27... Qd7 28. Bf4 Ng6 29. Bc7 Rc8 30. Bxa5 Bd6 31. Qf3 Kh8 32. h3 b4 33. Nd5
Qc6 0-1

[Event "Hoogovens"]
[Site "Wijk aan Zee 52"]
[Date "1990.??.??"]
[Round "8"]
[White "Piket, Jeroen"]
[Black "Nunn, John"]
[Result "0-1"]
[WhiteElo "2495"]
[BlackElo "2600"]
[Annotator "JvR"]
[PlyCount "84"]
[EventDate "1990.??.??"]
[EventCountry "NED"]

1. d4 Nf6 2. Nf3 g6 3. c4 Bg7 4. Nc3 O-O 5. e4 d6 6. h3 e5 7. d5 Nbd7 8. Be3
Nc5 9. Nd2 a5 10. g4 Ne8 11. Qc2 f5 12. gxf5 gxf5 13. Rg1 $1 {This novelty
improves the variation.} f4 14. Bxc5 dxc5 15. Nf3 Kh8 16. O-O-O Ra6 $5 {A
remarkable development is made.} 17. Nb5 Qe7 18. Qc3 Rh6 $5 19. h4 ({Not} 19.
Qxa5 $2 Ra6 $1 20. Qc3 Rxa2) 19... b6 20. Bd3 Bf6 21. Bc2 Nd6 22. Na7 $5 Bd7
23. Rg2 Rg8 24. Rxg8+ Kxg8 25. a3 $6 Rg6 26. Rh1 Rg2 27. Qe1 $1 Qg7 ({Avoids} 
27... Nxc4 $4 28. Qf1 {(Anand).}) 28. Bd3 Qg4 $5 {Nunn has missed Piket's
answer.} 29. Bf1 $2 ({Actually} 29. Be2 $1 Nxe4 $1 {(Nunn)} 30. Nd2 $1 Nxf2 31.
Bxg4 Nd3+ 32. Kb1 Nxe1 {is correct.}) 29... Qxf3 $1 30. Bxg2 Qxg2 31. Rg1 f3 $1
{Piket has overlooked this idea.} 32. Nb5 Nxb5 33. cxb5 $2 ({Right is} 33.
Rxg2+ $2 fxg2 34. Qg1 Bh3 $1 35. cxb5 Bxh4 36. a4 $1 Bg5+ 37. Kc2 Bf4 38. Kd3 {
Nunn judges the game as drawn.}) 33... Bxb5 34. Rxg2+ fxg2 35. Qg1 Bf1 {The
queen has become little mobile.} 36. Qh2 $6 ({Better is} 36. h5 Bg5+ 37. Kd1
Bf4 {but Black will use his king to capture pawn h5 and then pushes pawn h7 to
h2 (Nunn).}) 36... Bxh4 37. Qxh4 g1=Q 38. Qd8+ Kg7 39. Qxc7+ Kh6 40. Qxb6+ Kh5
41. b4 Bd3+ 42. Kd2 Qxf2+ {Nunn became engaged in the battle at the top. His
main rival was Kortschnoj.} ({The pointe is} 42... Qxf2+ 43. Kxd3 c4+) 0-1

[Event "Hoogovens"]
[Site "Wijk aan Zee 52"]
[Date "1990.??.??"]
[Round "9"]
[White "Nunn, John"]
[Black "Dokhoian, Yury"]
[Result "0-1"]
[WhiteElo "2600"]
[BlackElo "2540"]
[Annotator "JvR"]
[PlyCount "100"]
[EventDate "1990.??.??"]
[EventCountry "NED"]

1. e4 e6 2. d4 d5 3. Nc3 Nf6 4. e5 Nfd7 5. f4 c5 6. Nf3 Nc6 7. Be3 cxd4 8. Nxd4
Bc5 9. Qd2 O-O 10. O-O-O a6 11. Nce2 Qc7 12. h4 b5 13. Nxc6 Qxc6 14. Rh3 Bb7
15. Nd4 Qc7 16. Rg3 Be7 17. Qe2 Rfe8 18. Qg4 Bf8 19. Nf3 f5 20. Qh5 Rac8 21.
Bd3 Nc5 $2 (21... Bc5 $1 22. Ng5 Bxe3+ 23. Rxe3 Nf8 24. g4 fxg4 25. Rg3 g6 26.
Qh6 Qg7 {lessens the power of the attack.}) 22. Bxc5 Bxc5 23. Ng5 h6 24. Rh1 $1
hxg5 25. hxg5 Kf8 26. Qh8+ Ke7 27. Qxg7+ Kd8 28. Qf6+ Be7 ({The active defence
} 28... Kd7 29. Bxf5 $1 exf5 {(Nunn) is refuted by} 30. Rc3 $1) 29. Qxe6 Bxg5
30. Qxf5 Be7 31. Qf7 Qc5 32. f5 $6 ({Better is} 32. Bf5 $1 Rf8 33. Qe6) 32...
Qd4 33. Qg7 Rc7 34. Rf1 Kc8 $6 35. f6 $1 Bf8 36. f7 $1 Rd8 37. Qf6 Re7 38. Re1
Qb4 39. c3 Qc5 40. Qf5+ Kb8 41. e6 b4 42. Qf4+ Rc7 43. Rg8 Qe7 44. c4 $2 dxc4
45. Bxc4 Bd5 $1 46. b3 Bxc4 47. bxc4 b3 $1 48. Re2 Qb4 $2 49. Rxf8 $2 {Nunn
makes the last mistake.} ({Right is} 49. Rd2 $1 {(Nunn)} Rxd2 50. Qxd2 Rxc4+
51. Kd1 Rd4 52. Rxf8+ Ka7 53. Ra8+ Kxa8 54. f8=Q+ Qxf8 55. Qxd4 Qf1+ 56. Kd2
Qxg2+ 57. Kd3 bxa2 58. e7 {drawn.}) 49... Qc3+ 50. Kb1 Qd3+ {This was a costly
loss, because Nunn fell back to plus one and trailed by one point on the
leader Kortschnoj.} 0-1

[Event "Hoogovens"]
[Site "Wijk aan Zee 52"]
[Date "1990.??.??"]
[Round "10"]
[White "Radjabov, Teimour"]
[Black "Nunn, John"]
[Result "0-1"]
[WhiteElo "2490"]
[BlackElo "2600"]
[Annotator "JvR"]
[PlyCount "110"]
[EventDate "1990.??.??"]
[EventCountry "NED"]

1. e4 e5 2. Nf3 Nc6 3. Bc4 Nf6 4. d3 {Kuijf shows no ambition.} Be7 5. O-O O-O
6. Re1 d6 7. a3 Kh8 $5 8. Bg5 h6 9. Bh4 Nh5 10. Bxe7 Qxe7 11. Nc3 Nf4 12. Nd5
Nxd5 13. Bxd5 (13. exd5 $1 Nd8 14. d4 {gains a plus.}) 13... Bg4 14. h3 Bh5 15.
c3 Nd8 16. d4 exd4 17. cxd4 c6 18. Bc4 Ne6 19. Bxe6 $2 ({Better is} 19. g4 Bg6
20. Qd2) 19... fxe6 $1 20. Re3 Rf4 $1 21. Qc2 $6 Bxf3 22. Rxf3 Rxf3 23. gxf3
Rf8 {White has a horrible position.} 24. Qd3 Rf4 25. Qe3 Qf6 26. Kg2 Qg6+ 27.
Kh2 Rh4 28. Rh1 d5 29. Rg1 $5 Rxh3+ 30. Kxh3 Qxg1 31. exd5 exd5 32. Qe8+ Kh7
33. Qf7 Qh1+ 34. Kg3 Qg1+ 35. Kh3 a6 36. a4 Qh1+ 37. Kg3 Qg1+ 38. Kh3 b6 39. b4
Qh1+ 40. Kg3 Qg1+ 41. Kh3 Qg6 42. Qa7 $1 Qc2 43. Qxa6 Qc3 44. Qe2 $6 (44. Qxb6
$1 Qxf3+ 45. Kh2 Qxf2+ 46. Kh3 Qf3+ 47. Kh2 Qe2+ 48. Kg3 Qd3+ 49. Kf4 $1 h5 $1
50. Qxc6 Qxd4+ {(Nunn)} 51. Kf3 Qd3+ 52. Kf2 h4 {probably wins for Black.})
44... Qxb4 45. Qc2+ Kg8 46. Qxc6 Qxd4 47. Qc8+ Kf7 $1 48. Qd7+ Kg6 49. Kg2 Qf6
$1 50. Qe8+ Kh7 51. Qb5 d4 52. f4 Qxf4 $1 53. Qxb6 d3 54. a5 Qg4+ 55. Kh2 Qh5+
{Nunn neared Kortschnoj to half-a-point.} ({Simple is} 55... Qh5+ 56. Kg3 d2
57. Qb1+ Qg6+) 0-1

[Event "Hoogovens"]
[Site "Wijk aan Zee 52"]
[Date "1990.??.??"]
[Round "11"]
[White "Portisch, Lajos"]
[Black "Kortschnoj, Viktor"]
[Result "1-0"]
[WhiteElo "2605"]
[BlackElo "2625"]
[Annotator "JvR"]
[PlyCount "77"]
[EventDate "1990.??.??"]
[EventCountry "NED"]

{This day started with an incident, because activists had taken the white
kings of all games. The pieces were retrieved on a dune. It was a day of
stormy weather. A hurricane began to blow during the round.} 1. c4 e5 2. Nc3
Nf6 3. g3 d5 4. cxd5 Nxd5 5. Bg2 Nb6 6. Nf3 Nc6 7. O-O Be7 8. a3 O-O 9. b4 Re8
10. Rb1 Bf8 11. d3 a5 12. b5 Nd4 13. Bb2 Bg4 $5 14. Nd2 Qc8 15. Re1 a4 16. Qc1
Bd7 ({More enterprising is} 16... Ra5 $1 17. Nc4 $1 Nxc4 18. dxc4 c6 19. bxc6
bxc6) 17. Nf3 $1 c5 $5 (17... Nb3 $1 18. Qc2 f6 {gets a solid game.}) 18. bxc6
Bxc6 19. Nxd4 exd4 20. Bxc6 bxc6 21. Ne4 c5 22. Qc2 Qd8 23. Bc1 c4 24. dxc4 f5
$2 (24... Rc8 $1 25. c5 Qd5 26. Rxb6 Rxe4 {defends well.}) 25. Bg5 $1 Qc7 26.
c5 $1 Nc8 $5 ({Better is} 26... fxe4 $1 27. Qa2+ {(Portisch)} Nd5 $1 28. Qxd5+
Kh8 29. Qxd4 Qxc5 30. Qxc5 Bxc5) 27. Bf4 Qc6 28. Ng5 Qd5 29. Red1 h6 30. Nf3
Qxc5 31. Qa2+ Kh7 32. Nxd4 Qxa3 33. Qxa3 Bxa3 34. Nb5 Bf8 35. Nc7 Na7 36. Nxa8
Rxa8 37. Bd6 Nc6 38. Bxf8 Rxf8 39. Rd6 {Portisch joined the lead with
Kortschnoj. Nunn, Andersson and Dlugy completed the quintet of leaders. The
playing hall was the <->Moriaan'. Part of the roof was blown off during the
evening.} 1-0

[Event "Hoogovens"]
[Site "Wijk aan Zee 52"]
[Date "1990.01.??"]
[Round "12"]
[White "Nunn, John"]
[Black "Dlugy, Maxim"]
[Result "1-0"]
[WhiteElo "2600"]
[BlackElo "2525"]
[Annotator "JvR"]
[PlyCount "95"]
[EventDate "1990.??.??"]
[EventCountry "NED"]

{A roaring wind hindered the players when the decisive game of the event
started.} 1. e4 c5 2. Nf3 d6 3. d4 cxd4 4. Nxd4 Nf6 5. Nc3 Nc6 6. Bc4 e6 7. Be3
Be7 8. Qe2 O-O 9. O-O-O Bd7 10. f4 Rc8 11. Bb3 Qa5 12. Ndb5 $5 {Nunn wants to
attack on both flanks.} d5 $1 {Dlugy counters in the centre.} 13. f5 dxe4 14.
Nxe4 Nxe4 15. Rxd7 exf5 16. Nxa7 Rc7 17. Nxc6 bxc6 18. Rhd1 Rxd7 19. Rxd7 Qe5
20. g3 $4 ({Right is} 20. Qf3 $1) 20... Nc5 $1 21. Rd2 Bf6 22. c3 Re8 23. Bxc5
Qxe2 24. Rxe2 Rxe2 {Black has won an exchange.} 25. a4 Bg5+ 26. Kb1 Be3 27. Bd1
Re1 28. Bxe3 Rxe3 (28... Rxd1+ $1 {wins easily.}) 29. a5 Kf8 30. Ba4 Ke7 31.
Bxc6 Kd6 32. Bb7 g5 33. a6 Kc7 34. Kc1 f4 35. Kd2 Re6 36. gxf4 g4 $5 37. b4 Rh6
38. c4 Rxh2+ 39. Ke3 Ra2 $6 (39... Kb8 $1 40. Bd5 Rb2 $1 {loses no time.}) 40.
c5 $1 Rb2 $4 {Dlugy blunders in a won game.} ({Right is} 40... g3 $1 41. b5 g2
42. b6+ Kb8 43. Bxg2 Rxg2 44. c6 h5 $1 45. Kd4 h4 46. Kd5 h3 47. c7+ Kc8 48. a7
Ra2 49. Kc6 Rc2+ 50. Kd6 Kb7 51. Kd7 h2 $1 {and Black wins by timely
manoeuvres (Nunn).}) 41. Bd5 $1 Kb8 42. c6 Rc2 43. Kd3 Rc1 44. a7+ $1 Kxa7 45.
Kd2 $1 {The rook is dominated on the c-file, an endgame study theme.} Rxc6 $5
46. Bxc6 h5 47. Ke2 h4 48. Kf2 {Kortschnoj lost against Nijboer. Portisch and
Andersson drew their games. Hence Nunn became the sole leader.   A gigantic
catastrophe happened to the <->Moriaan' in the night. The temporary shield
crashed during a thunderstorm and the facility was flooded. Group A and B
played in <->Hotel Kennemerduin' the next day. The top three drew in the last
round. So Nunn won by 8/13, half-a-point before Portisch and Andersson.} 1-0

[Event "Hoogovens B"]
[Site "Wijk aan Zee 52"]
[Date "1990.??.??"]
[Round "2"]
[White "Polgar, Judit"]
[Black "Damljanovic, Branko"]
[Result "1-0"]
[WhiteElo "2550"]
[BlackElo "2535"]
[Annotator "JvR"]
[PlyCount "65"]
[EventDate "1990.??.??"]
[EventCountry "NED"]

{POLGÁR-MANIA  The Polgár sisters Judit (13), Sofia (15) and Zsuzsa (20)
presented themselves as gentlemen killers in the B-group. They got an
extensive publicity.} 1. e4 c5 2. Nf3 Nc6 3. d4 cxd4 4. Nxd4 Nf6 5. Nc3 d6 6.
Bc4 Qb6 7. Nb3 e6 8. Be3 Qc7 9. f4 a6 10. Bd3 b5 11. Qf3 Bb7 12. O-O Be7 13. a4
b4 14. Ne2 Na5 15. Nxa5 Qxa5 16. g4 Qc7 $5 {Judit has the initiative.} 17. g5
Nd7 18. Bd4 $5 O-O 19. Qh5 e5 $1 20. f5 $2 {She makes a premature advance.} ({
Better is} 20. Be3 Nc5 21. f5) 20... exd4 21. f6 $1 Ne5 22. Rf4 Rfe8 23. Rh4 $5
{The flight forwards continues.} h6 24. Ng3 Qd8 25. Rf1 $1 Bf8 26. Nf5 Re6 $1
27. Rf2 d5 28. Rg2 $5 {Although Judit has mobilised her pieces, Black can win.}
Ng6 $2 ({Correct is the materialistic} 28... dxe4 $1 29. fxg7 {(Anand)} Bxg7 $1
) 29. fxg7 Bxg7 30. Nxg7 Kxg7 31. Qxh6+ Kg8 32. e5 $1 f5 33. gxf6 {The all-out
attack won eventually.} 1-0

[Event "Hoogovens B"]
[Site "Wijk aan Zee 52"]
[Date "1990.??.??"]
[Round "7"]
[White "Polgar, Sofia"]
[Black "Van Wely, Loek"]
[Result "1-0"]
[WhiteElo "2410"]
[BlackElo "2445"]
[Annotator "JvR"]
[PlyCount "43"]
[EventDate "1990.??.??"]
[EventCountry "NED"]

1. e4 d6 2. d4 Nf6 3. Nc3 g6 4. f4 Bg7 5. Nf3 c5 6. dxc5 Qa5 7. Bd3 Qxc5 8. Qe2
O-O 9. Be3 Qa5 10. h3 e5 11. O-O-O Nh5 $5 ({Black betters on} 11... Nbd7 $6 {
(J. Polgár - Azmaiparashvili, Amsterdam 1989).}) 12. f5 $1 {Sofia sacrifices
the exchange.} Ng3 (12... gxf5 $5 13. exf5 Ng3 {brings the same idea.}) 13. Qe1
Nxh1 14. g4 $1 {She leaves the helpless knight alone.} gxf5 $2 {The g-file is
opened.} (14... d5 $2 15. Nxd5 Qxe1 16. Rxe1 Nc6 17. f6 {(Sofia).}) ({But} 
14... Nd7 $1 {brings a helper.}) 15. gxf5 Qd8 ({Or} 15... d5 16. Nxd5 Qxe1 17.
Rxe1) 16. Bc4 Kh8 17. Ng5 Bh6 ({The pointe is} 17... f6 18. Nxh7 $1) 18. Qh4
Bxg5 19. Bxg5 f6 20. Bh6 Nd7 21. Rg1 Qe7 22. Qg4 {Loek was defeated by all
sissies.} 1-0

[Event "Hoogovens B"]
[Site "Wijk aan Zee 52"]
[Date "1990.??.??"]
[Round "8"]
[White "Brenninkmeijer, Joris"]
[Black "Polgar, Zsuzsa"]
[Result "0-1"]
[WhiteElo "2475"]
[BlackElo "2500"]
[Annotator "JvR"]
[PlyCount "80"]
[EventDate "1990.??.??"]
[EventCountry "NED"]

1. d4 d5 2. c4 dxc4 3. e4 c5 4. d5 Nf6 5. Nc3 e6 6. Nf3 exd5 7. e5 Nfd7 8. Bg5
Be7 9. Bxe7 Qxe7 10. Nxd5 Qd8 11. Qc2 Nxe5 12. Qe4 Be6 13. Qxe5 Qxd5 14. Qxg7
Rf8 15. Rd1 Qe4+ 16. Be2 Nd7 17. Ng5 Qg6 18. Nxe6 Qxe6 19. Qxh7 O-O-O 20. Qc2
Rfe8 21. h4 Ne5 22. O-O $5 ({Paul van der Sterren played} 22. Rxd8+ {versus
Zsuzsa Polgár in round four.}) 22... Rd4 $1 23. Rxd4 cxd4 24. Rc1 b5 25. Qe4
Qb6 $1 {Zsuzsa has finished her home preparation.} 26. Kf1 $5 Re6 27. h5 $2 ({
Brenninkmeijer does not play the logical line} 27. f4 $1 d3 $1 28. fxe5 dxe2+ {
(Zsuzsa)} 29. Qxe2 $1 f6 30. Qf2 {and equality.}) 27... Kb8 $6 ({Black misses} 
27... d3 $1 28. Bxd3 Kb8 $1 29. Be2 Nd3 $1 30. Bxd3 Rxe4 31. Bxe4 Qh6) 28. Bg4
Nxg4 29. Qxg4 d3 $5 30. Qg8+ Kb7 31. Qxf7+ Ka6 32. a4 $1 b4 33. Qf4 $5 Qc5 $1
34. h6 Qd5 $1 35. Rd1 Qe4 36. Qxe4 Rxe4 37. g3 $1 Re6 $6 (37... Ka5 $1 38. h7
Re8 {wins more easily.}) 38. Kg2 ({Or} 38. h7 $1 Rh6 39. Ke1 Rxh7 40. Rc1 Rc7
$1 41. Kd2 Ka5 42. b3 cxb3 $1) 38... Rxh6 39. f4 Rd6 40. f5 c3 {Fedorowitz
scored 11/13 and the Polgárs: Judit (61/2), Zsuzsa (51/2) and Sofia (5).} 0-1

[Event "Hoogovens"]
[Site "Wijk aan Zee 53"]
[Date "1991.??.??"]
[Round "1"]
[White "Kozul, Zdenko"]
[Black "Nunn, John"]
[Result "0-1"]
[WhiteElo "2580"]
[BlackElo "2600"]
[Annotator "JvR"]
[PlyCount "74"]
[EventDate "1991.??.??"]
[EventCountry "NED"]

{Nunn, the last winner, had a great start.} 1. d4 Nf6 2. c4 g6 3. Nc3 Bg7 4. e4
d6 5. f4 c5 6. d5 O-O 7. Nf3 e6 8. Be2 exd5 9. cxd5 Bg4 10. O-O Nbd7 11. Re1
Re8 12. h3 Bxf3 13. Bxf3 Qa5 14. Be3 b5 15. a3 Nb6 16. Bf2 $5 ({Theory is} 16.
e5) 16... Nc4 17. Qc2 ({More aggression shows} 17. e5 dxe5 {(Stohl)} 18. fxe5
$1 Nxe5 19. Bxc5) 17... Nd7 18. Be2 Rab8 19. a4 b4 20. Bxc4 bxc3 21. b3 a6 22.
Rec1 $5 Nb6 23. Bf1 c4 24. Bxc4 $2 {White allows the opening of the b-file.} ({
Better is} 24. bxc4 $1 Nd7 25. Ra2) 24... Nxc4 25. bxc4 Rb2 26. Qd3 Rd2 27. Qf3
f5 $1 28. e5 $5 dxe5 29. fxe5 Rxe5 30. Kh1 $2 ({More resistance is offered by} 
30. Rab1 $1 Qxa4 31. Qxc3 Rexd5 (31... Re1+ $2 32. Rxe1 $1 Bxc3 33. Rb8+ $11)
32. Rb8+ Rd8 33. Qxd2 $1 Rxb8 34. Qd5+) 30... Re4 31. Be1 Qc7 $1 32. Rab1 Rde2
$1 33. Bxc3 R2e3 34. d6 $5 Qxd6 35. Bb4 Qc6 36. Qf1 Rxh3+ 37. gxh3 Re2+ ({The
pointe is} 37... Re2+ 38. Kg1 Bd4+ {(Stohl).}) 0-1

[Event "Hoogovens"]
[Site "Wijk aan Zee 53"]
[Date "1991.??.??"]
[Round "2"]
[White "Nunn, John"]
[Black "Fedorowicz, John"]
[Result "1-0"]
[WhiteElo "2600"]
[BlackElo "2555"]
[Annotator "JvR"]
[PlyCount "47"]
[EventDate "1991.??.??"]
[EventCountry "NED"]

1. e4 c5 2. Nf3 d6 3. d4 cxd4 4. Nxd4 Nf6 5. Nc3 Nc6 6. Bg5 e6 7. Qd2 a6 8.
O-O-O h6 9. Be3 Nxd4 10. Bxd4 b5 11. f4 Bb7 12. Qe3 Qc7 $5 ({Preferable is} 
12... b4 $1) 13. Bb6 Qc8 $1 14. e5 Nd5 $2 (14... b4 $1 15. Nb5 $5 axb5 16.
Bxb5+ Bc6 $1 {defends properly.}) 15. Nxd5 Bxd5 16. exd6 Qc6 {Black needs two
moves for development, but his bastion is blown apart.} 17. Rxd5 $1 Qxd5 18.
Be2 Qxa2 $6 (18... Bxd6 19. Rd1 Qxa2 20. Rxd6 Qa1+ 21. Kd2 O-O {prolongs the
game.}) 19. Qf3 Bxd6 ({Or} 19... Rc8 20. d7+ $1 Kxd7 21. Qb7+ {(Nunn).}) 20.
Qxa8+ Ke7 21. Qb7+ Kf8 22. Bc5 Qa1+ 23. Kd2 Qxh1 24. Qb8+ 1-0

[Event "Hoogovens"]
[Site "Wijk aan Zee 53"]
[Date "1991.??.??"]
[Round "5"]
[White "Salov, Valery"]
[Black "Nunn, John"]
[Result "1-0"]
[WhiteElo "2645"]
[BlackElo "2600"]
[Annotator "JvR"]
[PlyCount "75"]
[EventDate "1991.??.??"]
[EventCountry "NED"]

1. e4 e5 2. Nf3 Nc6 3. Nc3 Nf6 4. d4 exd4 5. Nxd4 Bb4 6. Nxc6 bxc6 7. Bd3 d5 8.
exd5 cxd5 9. O-O O-O 10. Bg5 Be6 11. Ne2 h6 12. Bh4 Bd6 13. Nd4 c5 14. Nxe6
fxe6 15. Qe2 $1 {Salov attacks the black pawn centre.} e5 16. Bg6 $1 Rb8 ({The
alternative is} 16... c4 $5 {(Salov).}) 17. c4 e4 $2 (17... d4 $1 18. f3 $5 e4
$1 19. fxe4 d3 20. Qf3 Rxb2 {defends well.}) 18. Rad1 Qc7 19. Kh1 dxc4 20. Bxf6
$5 ({Even better is} 20. Qxc4+ Kh8 21. b3) 20... Rxf6 21. Bxe4 Be5 22. Qxc4+
Kh8 23. b3 Rbf8 24. Qe2 Bd4 25. f3 Qe5 26. g3 Re8 27. Qd3 Rd6 28. Rd2 h5 29.
Re2 h4 30. gxh4 $5 Rh6 31. f4 Qf6 32. Qf3 Rxh4 33. Bd3 Rf8 ({Not} 33... Rxe2 $4
34. Qa8+ {(Salov).}) 34. Qg3 Qh6 35. Qg6 Rh3 36. Qxh6+ gxh6 37. Bc4 Be3 $2 38.
Kg2 1-0

[Event "Hoogovens"]
[Site "Wijk aan Zee 53"]
[Date "1991.??.??"]
[Round "6"]
[White "Hansen, Curt"]
[Black "Nunn, John"]
[Result "0-1"]
[WhiteElo "2565"]
[BlackElo "2600"]
[Annotator "JvR"]
[PlyCount "72"]
[EventDate "1991.??.??"]
[EventCountry "NED"]

1. c4 g6 2. Nc3 Bg7 3. d4 Nf6 4. e4 d6 5. Nf3 O-O 6. Be2 e5 7. O-O Nc6 8. d5
Ne7 9. b4 Nh5 10. g3 f5 11. Ng5 Nf6 12. f3 f4 13. c5 dxc5 14. Bc4 $5 {Hansen
makes a sharp move in the King's Indian.} ({Known is} 14. bxc5) 14... cxb4 15.
d6+ Kh8 16. Nb5 $1 h6 $5 17. Nf7+ Rxf7 18. Bxf7 cxd6 19. Nxd6 (19. Qxd6 $6 Bd7
20. Rd1 Qf8 $1 {leads to a black initiative (Nunn).}) 19... Bh3 20. Bb3 $6 ({
Preferable is} 20. Rf2 Nc8 $1 {(Nunn)} 21. Be6 $3 Nxd6 22. Bxh3) 20... Kh7 21.
Rf2 Nc6 22. Bb2 Qe7 23. Rc1 Nd4 $6 ({Better is} 23... Rd8 24. Rd2 Nd4 {(Nunn).}
) 24. gxf4 Nh5 25. fxe5 Bxe5 26. Nf7 $2 (26. Bd5 $1 Nf4 27. Nf7 Nc6 {equalises.
}) 26... Nxb3 27. Nxe5 Nxc1 28. Qxc1 Rc8 29. Rc2 $2 Rxc2 30. Qxc2 Qg5+ 31. Kh1
Qe3 32. Qc7+ Ng7 33. Qc1 Qe2 34. Qg1 g5 35. Bd4 Ne6 36. Qg3 Nf4 {Nunn ruled in
the first part of the event.} 0-1

[Event "Hoogovens"]
[Site "Wijk aan Zee 53"]
[Date "1991.??.??"]
[Round "7"]
[White "Khalifman, Alexander"]
[Black "Sokolov, Ivan"]
[Result "1-0"]
[WhiteElo "2640"]
[BlackElo "2570"]
[Annotator "JvR"]
[PlyCount "73"]
[EventDate "1991.??.??"]
[EventCountry "NED"]

1. d4 Nf6 2. c4 g6 3. Nc3 d5 4. Nf3 Bg7 5. cxd5 Nxd5 6. e4 Nxc3 7. bxc3 c5 8.
Rb1 O-O 9. Be2 Nc6 10. d5 Ne5 11. Nxe5 Bxe5 12. Qd2 b6 13. O-O e6 14. f4 Bg7
15. dxe6 Bxe6 16. f5 Qxd2 $6 ({More solid is} 16... Bc8 17. Bc4 gxf5 {
(Hjartarson - Ftacnik, Thessaloniki 1984).}) 17. Bxd2 gxf5 18. exf5 Bxa2 19.
Rb2 Bd5 20. f6 Bh8 $2 ({Correct is} 20... Rfe8 $1 21. Bb5 Bf8 22. Bxe8 Rxe8 {
(Khalifman).}) 21. Rf4 $2 (21. Bh6 $1 {wins immediately (Khalifman).}) 21... h5
$1 22. Bxh5 Rfd8 23. Rg4+ Kh7 ({Not} 23... Kf8 $2 24. Bh6+) 24. Bg5 Rac8 25.
Rf2 Be6 26. Rh4 Kg8 27. Rf3 $1 c4 28. Rg3 Rd3 29. Bf3 Bf5 30. Bf4+ Bg6 31. Be5
$1 {White threatens 32. Rgh3!} Re8 $1 {Sokolov sets a trap. Khalifman finds a
wonderful solution.} 32. Rxg6+ $1 ({Not} 32. Rgh3 $2 Bg7 $1) 32... fxg6 33.
Rxh8+ Kf7 34. Rh7+ Ke6 35. Bd4 Kf5 36. Rxa7 Rc8 37. f7 1-0

[Event "Hoogovens"]
[Site "Wijk aan Zee 53"]
[Date "1991.??.??"]
[Round "8"]
[White "Seirawan, Yasser"]
[Black "Piket, Jeroen"]
[Result "0-1"]
[WhiteElo "2595"]
[BlackElo "2550"]
[Annotator "JvR"]
[PlyCount "58"]
[EventDate "1991.??.??"]
[EventCountry "NED"]

1. d4 Nf6 2. c4 d6 3. Nc3 g6 4. e4 Bg7 5. Be2 O-O 6. Bg5 Na6 7. Qd2 e5 8. d5
Qe8 9. Bd1 $5 {Seirawan plays an amusing novelty.} Nc5 10. Bc2 a5 11. Nge2 Nh5
$5 12. Nb5 Qd7 13. O-O-O b6 14. f3 a4 15. g4 $5 Nf4 $5 16. Nxf4 exf4 17. Bxf4
Ba6 18. Qb4 $6 ({Analysts prefer} 18. Na3 $1) 18... Bxb5 19. Qxb5 Qe7 $6 20.
Bd2 $2 (20. g5 $1 {(Piket)} Ra5 21. Qb4 a3 $1 22. b3 f6 $1 {gives an
initiative by Black.}) 20... a3 $1 21. b4 Qe5 $1 {Jeroen starts the decisive
attack.} 22. bxc5 Qa1+ 23. Bb1 ({Or} 23. Qb1 $4 Bb2#) 23... bxc5 $1 24. Kc2
Rfb8 $1 25. Kd3 Rxb5 26. cxb5 c4+ 27. Ke3 Qb2 28. Rc1 Bd4+ 29. Ke2 c3 {Nunn,
Piket and Adams led.} 0-1

[Event "Hoogovens"]
[Site "Wijk aan Zee 53"]
[Date "1991.??.??"]
[Round "10"]
[White "Adams, Michael"]
[Black "Piket, Jeroen"]
[Result "0-1"]
[WhiteElo "2600"]
[BlackElo "2550"]
[Annotator "JvR"]
[PlyCount "38"]
[EventDate "1991.??.??"]
[EventCountry "NED"]

1. e4 e5 2. Nf3 Nc6 3. Bb5 a6 4. Ba4 d6 5. c3 f5 6. exf5 Bxf5 7. O-O Bd3 8. Re1
Be7 9. Re3 e4 10. Ne1 Bg5 11. Nxd3 $2 {He has forgotten the theory of the
Siesta.} Bxe3 12. Nb4 Bxf2+ $1 13. Kxf2 Qh4+ 14. Kg1 Nh6 15. Qf1 $6 (15. Nxc6
O-O $1 16. Qe2 Ng4 $1 17. g3 Qh3 18. Qg2 Qh5 {brings a black attack.}) 15...
Ng4 16. Qf4 Rf8 17. Qg3 Rf1+ $1 {Adams missed this move.} 18. Kxf1 Nxh2+ 19.
Qxh2 Qxh2 {Piket had taken the lead. He lost a won game against Kozul in the
next round and Nunn joined the first place.} 0-1